<?xml version="1.0" encoding="UTF-8"?>
<record
    xmlns:xsi="http://www.w3.org/2001/XMLSchema-instance"
    xsi:schemaLocation="http://www.loc.gov/MARC21/slim http://www.loc.gov/standards/marcxml/schema/MARC21slim.xsd"
    xmlns="http://www.loc.gov/MARC21/slim">

  <leader>00703nam a2200193Ia 4500</leader>
  <controlfield tag="008">151121s9999||||xx |||||||||||||| ||und||</controlfield>
  <datafield tag="082" ind1=" " ind2=" ">
    <subfield code="a">108/&#x938;&#x939;&#x938;&#x94D;&#x924;&#x94D;&#x930;</subfield>
  </datafield>
  <datafield tag="082" ind1=" " ind2=" ">
    <subfield code="b">HNW-61445</subfield>
  </datafield>
  <datafield tag="100" ind1=" " ind2=" ">
    <subfield code="a">&#x938;&#x939;&#x938;&#x94D;&#x924;&#x94D;&#x930;&#x92C;&#x941;&#x927;&#x94D;&#x926;&#x947; &#x92A;&#x94D;&#x930;&#x964; &#x917;&#x964;-&#x905;&#x928;&#x941;&#x964;</subfield>
  </datafield>
  <datafield tag="245" ind1=" " ind2=" ">
    <subfield code="a">&#x905;&#x92E;&#x943;&#x924;&#x935;&#x93E;&#x923;&#x940;</subfield>
  </datafield>
  <datafield tag="260" ind1=" " ind2=" ">
    <subfield code="b">"&#x930;&#x93E;&#x92E;&#x915;&#x943;&#x937;&#x94D;&#x923; &#x92E;&#x920;, &#x928;&#x93E;&#x917;&#x92A;&#x942;&#x930;&#x964;"</subfield>
  </datafield>
  <datafield tag="260" ind1=" " ind2=" ">
    <subfield code="c">--</subfield>
  </datafield>
  <datafield tag="300" ind1=" " ind2=" ">
    <subfield code="a">294</subfield>
  </datafield>
  <datafield tag="600" ind1=" " ind2=" ">
    <subfield code="a">&#x938;&#x939;&#x938;&#x94D;&#x924;&#x94D;&#x930;&#x92C;&#x941;&#x927;&#x94D;&#x926;&#x947; &#x92A;&#x94D;&#x930;&#x964; &#x917;&#x964;-&#x905;&#x928;&#x941;&#x964;</subfield>
  </datafield>
  <datafield tag="630" ind1=" " ind2=" ">
    <subfield code="a">&#x905;&#x92E;&#x943;&#x924;&#x935;&#x93E;&#x923;&#x940;</subfield>
  </datafield>
  <datafield tag="700" ind1=" " ind2=" ">
    <subfield code="a">&#x938;&#x939;&#x938;&#x94D;&#x924;&#x94D;&#x930;&#x92C;&#x941;&#x927;&#x94D;&#x926;&#x947; &#x92A;&#x94D;&#x930;&#x964; &#x917;&#x964;-&#x905;&#x928;&#x941;&#x964;</subfield>
  </datafield>
  <datafield tag="730" ind1=" " ind2=" ">
    <subfield code="a">&#x905;&#x92E;&#x943;&#x924;&#x935;&#x93E;&#x923;&#x940;</subfield>
  </datafield>
  <datafield tag="942" ind1=" " ind2=" ">
    <subfield code="c">BOOK</subfield>
  </datafield>
  <datafield tag="999" ind1=" " ind2=" ">
    <subfield code="c">1242991</subfield>
    <subfield code="d">1242988</subfield>
  </datafield>
  <datafield tag="952" ind1=" " ind2=" ">
    <subfield code="0">0</subfield>
    <subfield code="1">0</subfield>
    <subfield code="4">0</subfield>
    <subfield code="7">0</subfield>
    <subfield code="a">HNW</subfield>
    <subfield code="b">HNW</subfield>
    <subfield code="d">2015-11-21</subfield>
    <subfield code="g">20.00</subfield>
    <subfield code="l">0</subfield>
    <subfield code="o">HNW-61445</subfield>
    <subfield code="p">HNW-61445</subfield>
    <subfield code="r">2015-11-21 00:00:00</subfield>
    <subfield code="v">20.00</subfield>
    <subfield code="w">2015-11-21</subfield>
    <subfield code="y">BOOK</subfield>
  </datafield>
</record>
